| 000 | 00442nam a2200133Ia 4500 | ||
|---|---|---|---|
| 008 | 220217s9999 xx 000 0 und d | ||
| 245 | 0 | _aCellular rubbers and plastis- Determination of dynamic cushioing performance | |
| 260 | _aGeneva, Switzerland | ||
| 260 |
_c1988 _bInternational Organization for Standardization |
||
| 490 | _aInternatinal Standard | ||
| 500 | _aStandard number: ISO 4651. Ed2 | ||
| 650 | _aRubber&Plastics | ||
| 942 | _cST | ||
| 999 |
_c74146 _d74146 |
||